000 00527nmm a2200157Ia 4500
008 251105s9999||||xx |||||||||||||||||und||
020 _a1882528603
041 _aspa
100 _aVivalda, Nicolás M.
245 0 _aDel atalaya a los límites de faetón : narrar la experiencia cognitiva en el barroco hispánico
264 _a[Washington, Estados Unidos] :
_bScripta Humanistica,
_c2013
300 _a229 páginas
650 _aSpanish literature
856 _uhttps://public.digitaliapublishing.com/a/46634
942 _cCF
999 _c73027
_d73027